000 00385nam a2200145Ia 4500
005 20260328104328.0
008 260328s9999||||xx |||||||||||||| ||und||
100 _aFristad, Kevin
245 0 _aCabinetmaking Procedures for the Small Shop /
_cKevin Fristad
250 _a1a ed.
260 _bFox Chapel Publishing
300 _a94 p.
650 _aMEDIDAS Y DIMENSIONES
942 _cBK
999 _c11618
_d11618